All Fourth Level Subdivisions (Blocks) of my Minecraft house - Statistics

General Stats
  • This quiz has been taken 5 times
  • The average score is 44 of 107
Answer Stats
# of Rooms Block (Blok) Sector (Okrsek) District (Čtvrť) Area (Část) % Correct
1 Listy Mrkev Mrkev Nové Dilí
75%
3 Silo Silo Rybářská kolonie Pařez
75%
9 The Airship The Airship Kmen Pařez
75%
5 Alpha Dub Kořen Pařez
50%
2 Atom Atom Vietnamská Čtvrť Trója
50%
2 Aula Ga Ga Gi Nové Dilí
50%
1 Aula Ge Ge Gi Nové Dilí
50%
1 Aula Gi Gi Gi Nové Dilí
50%
2 Autobusák Skleník Kořen Pařez
50%
1 Balónky Balónky Gi Nové Dilí
50%
1 Bambus Doupě Kmen Pařez
50%
4 Barvy Smrk Kořen Pařez
50%
3 Beta The Airship Kmen Pařez
50%
1 Buben Trója Trója Trója
50%
4 Bubeneč Bubeneč Trója Trója
50%
3 Byty Ga Ga Gi Nové Dilí
50%
4 Byty Ge Ge Gi Nové Dilí
50%
4 Byty Gi Gi Gi Nové Dilí
50%
1 Delta Triangl Triangl Trója
50%
3 Domy Zahrádkářská kolonie Kořen Pařez
50%
4 Doupě Doupě Kmen Pařez
50%
3 Důl Důl Kořen Pařez
50%
2 Expresionismus Expresionismus Expresionismus Sibiř
50%
10 Hlavní třída Benátky Rybářská kolonie Pařez
50%
4 Hradby Lom Lom Sibiř
50%
3 Humry Železná Lhota Železná Lhota Nové Dilí
50%
3 Jezírko Loosova Vila Loosova Vila Trója
50%
5 Kahan Veveří Kořen Pařez
50%
3 Katakomby Dálniční Kolonie Dálniční kolonie Pařez
50%
3 Křídlo Kapsa Kmen Pařez
50%
5 Labyrint Labyrint Labyrint Trója
50%
2 Lanterna Dálniční Kolonie Dálniční kolonie Pařez
50%
7 Lázně Panoraama Smrk Kořen Pařez
50%
1 Lednice Lednice Lednice Sibiř
50%
4 Le Pont Pisa Gideon Nové Dilí
50%
1 Lom Lom Lom Sibiř
50%
2 Malý Pilíř Pilíř Dálniční kolonie Pařez
50%
2 Mob farma Mob farma Železná Lhota Nové Dilí
50%
1 Mrkev Mrkev Mrkev Nové Dilí
50%
2 Nábřeží Nekonečno Nekonečno Trója
50%
1 Nekonečno Nekonečno Nekonečno Trója
50%
4 Nexus Nexus Loosova Vila Trója
50%
2 Obchod Gandalf Gandalf Nové Dilí
50%
8 Okruh Dub Kořen Pařez
50%
7 Pasáž Obchodní Středisko Kmen Pařez
50%
3 Pavlač Smrk Kořen Pařez
50%
5 Pirátská loď Benátky Rybářská kolonie Pařez
50%
5 Pisa Pisa Gideon Nové Dilí
50%
5 Pocity Železná Lhota Železná Lhota Nové Dilí
50%
1 Preatrium Preatrium Vietnamská Čtvrť Trója
50%
3 Preddvor Veveří Kořen Pařez
50%
2 Přístav Přístav Rybářská kolonie Pařez
50%
4 Při vodě Gideon Gideon Nové Dilí
50%
3 Síň Bubeneč Trója Trója
50%
6 Skleník Skleník Kořen Pařez
50%
1 Sluníčko Sluníčko Nekonečno Trója
50%
5 Šnečí Ráj Šnečí Ráj Labyrint Trója
50%
6 Střecha Smrk Kořen Pařez
50%
8 Střed Smrk Kořen Pařez
50%
5 Suterén Důl Kořen Pařez
50%
1 Triangl Triangl Triangl Trója
50%
3 Trigon Triangl Triangl Trója
50%
3 Trója Trója Trója Trója
50%
4 Vesnice Dub Kořen Pařez
50%
8 Vestibul Dálniční Kolonie Dálniční kolonie Pařez
50%
8 Věž Veveří Kořen Pařez
50%
2 Vietnamská Čtvrť Vietnamská Čtvrť Vietnamská Čtvrť Trója
50%
2 Vila Loosova Vila Loosova Vila Trója
50%
2 Vstup Veveří Kořen Pařez
50%
3 V-Věž Veveří Kořen Pařez
50%
3 W-Věž Dub Kořen Pařez
50%
6 Zahrádky Zahrádkářská kolonie Kořen Pařez
50%
1 Železná Lhota Železná Lhota Železná Lhota Nové Dilí
50%
2 Akvadukt Lednice Lednice Sibiř
25%
1 Arcanum Veveří Kořen Pařez
25%
2 Bloky Gandalf Gandalf Nové Dilí
25%
4 Hala Vietnamská Čtvrť Vietnamská Čtvrť Trója
25%
4 Hotel Doupě Kmen Pařez
25%
3 Kanál Přístav Rybářská kolonie Pařez
25%
2 Ke klubu Benátky Rybářská kolonie Pařez
25%
3 Kino Obchodní Středisko Kmen Pařez
25%
7 Koridory Dub Kořen Pařez
25%
5 Mezipatro Dub Kořen Pařez
25%
4 Nad Vodou Gideon Gideon Nové Dilí
25%
5 Na vodě Přístav Rybářská kolonie Pařez
25%
2 Nuevo Sud Goias Nové Dilí
25%
3 Orizona Nord Goias Nové Dilí
25%
3 Pod Masou The Airship Kmen Pařez
25%
2 Posse&Russe Nord Goias Nové Dilí
25%
1 Předěl Skleník Kořen Pařez
25%
3 Ropná plošina Benátky Rybářská kolonie Pařez
25%
2 Rozcestí Zahrádkářská kolonie Kořen Pařez
25%
4 Spojnice Obchodní Středisko Kmen Pařez
25%
4 Stín Kapsa Kmen Pařez
25%
1 Tunel Podhoubí Mrkev Nové Dilí
25%
2 Velho Sud Goias Nové Dilí
25%
4 Velký Pilíř Pilíř Dálniční kolonie Pařez
25%
5 Vídeň Benátky Rybářská kolonie Pařez
25%
5 Výtahová Šachta Veveří Kořen Pařez
25%
1 Závodní Okruh Podhoubí Mrkev Nové Dilí
25%
2 Arkáda Labyrint Labyrint Trója
0%
3 Pokoje Sluníčko Nekonečno Trója
0%
6 Příkop Benátky Rybářská kolonie Pařez
0%
2 Půlkruh Nexus Loosova Vila Trója
0%
2 Veranda Dub Kořen Pařez
0%
2 Zámecké Schody Veveří Kořen Pařez
0%
1 Zlaté Schodiště Veveří Kořen Pařez
0%
No matching quizzes found
Score Distribution
Percent of People with Each Score
Percentile by Number Answered
Your Score History
You have not taken this quiz